Countries Higher Than Netherlands GDP - Statistics

General Stats
  • This quiz has been taken 23 times
  • The average score is 8 of 14
Answers on the Grid
Answers color-coded by a green-red scale on the quiz's grid according to % correct below.
Belgium
Russia
Poland
Mexico
Saudi Arabia
Canada
Turkey
Italy
Switzerland
Germany
Argentina
Japan
Sweden
India
Ireland
United Kingdom
Thailand
France
United Arab Emirates
Brazil
Austria
Australia
Singapore
South Korea
Norway
Spain
Bangladesh
Indonesia
Philippines
Vietnam
 
Answer Stats
Answer % Correct
Russia
93%
Canada
87%
Germany
73%
France
67%
United Kingdom
67%
Japan
60%
Brazil
53%
India
53%
South Korea
47%
Italy
40%
Spain
40%
Indonesia
33%
Mexico
33%
Australia
27%
No matching quizzes found
Score Distribution
Percent of People with Each Score
Percentile by Number Answered
Your Score History
You have not taken this quiz